| 000 | 01043nam a22002297a 4500 | ||
|---|---|---|---|
| 005 | 2011062709329.0 | ||
| 008 | 110627t xxu||||| |||| 00| 0 mar d | ||
| 010 | _aMAR-21023 | ||
| 020 | _c200.00 | ||
| 035 | _aMR-13681 | ||
| 037 | _bDBAD/PUB | ||
| 040 |
_aDPL _bMR |
||
| 082 | _a954.72 | ||
| 100 | _928800 | ||
| 245 | _aमराठवाड्याचा सांस्कृतिक इतिहास ( इ.पू.230- इ.स..230 )/ | ||
| 246 | _aMarathwadyacha Sanskrutik Itihas | ||
| 260 |
_aनांदेड _bपूनम प्रकाशन _c2011 |
||
| 270 |
_aमहत्मा फुले हऊसिंग सोसायटी तहसीलच्यापाठीमागे,कंधार _bनांदेड |
||
| 300 |
_a192पृ _b21सेमी(अजिल्द) |
||
| 942 |
_2ddc _cMR _h954.72 _mमराठ |
||
| 999 |
_c53273 _d53273 |
||